| 000 | 00410nam a2200157Ia 4500 | ||
|---|---|---|---|
| 003 | GCL | ||
| 008 | 140319s9999 xx 000 0 ara d | ||
| 040 |
_aGCL / _cGCL |
||
| 082 | 0 | 4 |
_a952 _bا ى |
| 100 | 1 | _aشركة ايكو اليابانية | |
| 245 | 1 | 0 |
_aاليابان اليوم / _cشركة ايكو اليابانية |
| 300 | _a156 ص | ||
| 490 | _a | ||
| 650 | 0 | 4 | _aاليابان |
| 942 |
_2ddc _cBK |
||
| 999 |
_c46576 _d46576 |
||